00942nam a2200229 a 4500001001000000003000500010005001700015008004100032010001100073011001100084040000900095100003300104245021000137260004100347500006000388502007700448650003500525650003600560650003400596650001200630856007000642000112157CHAP20220329144248.0151209s2015 mx a fsm |||||||spa d a108618 a109590 cCHAP1 aSánchez Córdoba, Roberto10aCaracterización de materiales sobresalientes y propagación vegetativa de jinicuil (Inga jinicuil Schltdl. Ex G. Don.) en la región de Atlixco, Puebla /h[En línea]cpor Roberto Sánchez Córdoba. aChapingo, Méx. :bEl autor,c2015. aPara ver el contenido del material haga clic en la liga aTesis (Ing. Agr. Esp. en Fitotecnia) -- UACH. Departamento de Fitotecnia14aArboles frutalesxMejoramiento14aArboles frutalesxPropagación14aArboles frutalesxRendimiento14aVainas. aFinding aiduhttp://10.13.5.2/tesis/sist112157.pdfzTeclea aquí